Literature Match Chronology Quiz Stats

 Plays Quiz Updated Apr 14, 2018

Challenge
Share
Tweet
Score 0/20 Timer 08:00
0 Plays Today
% Correct
Harry Potter and the Sorcerer's Stone
93.1%
The Da Vinci Code
87.5%
Romeo and Juliet
85.9%
Animal Farm
75.9%
Charlie and the Chocolate Factory
74.2%
The Fellowship of the Ring
72.4%
The Satanic Verses
69.8%
The Prince
60.6%
Adventures of Huckleberry Finn
60%
Common Sense
58.5%
% Correct
Brave New World
57.6%
Paradise Lost
57.4%
Americanah
55.3%
Jane Eyre
54.2%
Ulysses
52.2%
Les Misérables
48.2%
Robinson Crusoe
41.3%
Shogun
36.8%
A Room with a View
35.4%
The Last of the Mohicans
30.9%

You're not logged in!

Compare scores with friends on all Sporcle quizzes.
OR
Log In

You Might Also Like...

Show Comments

Extras

Top Quizzes Today


Score Distribution

Your Account Isn't Verified!

In order to create a playlist on Sporcle, you need to verify the email address you used during registration. Go to your Sporcle Settings to finish the process.

Report this User

Report this user for behavior that violates our Community Guidelines.

Details: